مكتبة جامعة عجلون الوطنية

فهرس بحث المكتبة

Normal view MARC view
  • تحرير العوضي، زكي علي

Entry Personal Name

Number of records used in: 1

001 - CONTROL NUMBER

  • control field: 52553

003 - CONTROL NUMBER IDENTIFIER

  • control field: JO-AjAnu

005 - DATE AND TIME OF LATEST TRANSACTION

  • control field: 20230606082634.0

008 - FIXED-LENGTH DATA ELEMENTS

  • fixed length control field: 230606|| aca||aabn | a|a d

040 ## - CATALOGING SOURCE

  • Original cataloging agency: JO-AjAnu
  • Transcribing agency: JO-AjAnu

100 ## - HEADING--PERSONAL NAME

  • Personal name: تحرير العوضي، زكي علي

670 ## - SOURCE DATA FOUND

  • Source citation: Work cat.: (JO-AjAnu)26855: تحرير العوضي، زكي علي, author, حركة الإصلاح في العصر الحديث عبد الرحمن الكواكبي نموذجا: وقائع الندوة التي عقدت في المركز الثقافي الملكي في عمان بتاريخ 8-10 شعبان 1423 هجري الموافق 15-17 اكتوبر 2002م